Computertomographische und klinische Befunde bei nicht-traumatischen intrazerebralen Blutungen /

Hlavní autor: Schmidt, Stephan
Korporativní autor: Universität Tübingen
Jazyk: Němčina
Vydáno: Tübingen : Stephan Schmidt, 1987
Fyzický popis: 43 stran ; 21 cm
Knihy
Uloženo v:
LEADER 00909nam a22002652i 4500
001 001527762
003 CZ BrMZK
005 20160912074652.0
007 ta
008 160523s1987 gw er|||||||||||ger d
040 |a BOA001  |b cze  |e rda 
100 1 |a Schmidt, Stephan  |4 dis 
245 1 0 |a Computertomographische und klinische Befunde bei nicht-traumatischen intrazerebralen Blutungen /  |c Stephan Schmidt 
264 1 |a Tübingen :  |b Stephan Schmidt,  |c 1987 
300 |a 43 stran ;  |c 21 cm 
336 |a text  |b txt  |2 rdacontent 
337 |a bez média  |b n  |2 rdamedia 
338 |a svazek  |b nc  |2 rdacarrier 
502 |a Disertace--Universität Tübingen, 1987 
504 |a Obsahuje bibliografii 
710 2 |a Universität Tübingen  |7 ko2002152390  |4 isb 
910 |a BOA001  |b MX-0927.879 
990 |a BK 
991 |b 201605 
996 7 |b 2619157064  |c MX-0927.879  |l MZK  |r Sklad / do 24 hodin  |n 0  |w 001562867  |u 000010  |a 1  |e BOA001  |j MZK50  |s A